LIBRARY & INFORMATION CENTRE, KCAET, TAVANUR

ONLINE PUBLIC ACCESS CATALOGUE (OPAC)

Production development and manufacturing technology for P H T Machines / (Record no. 5464)

MARC details
000 -LEADER
fixed length control field 00508cam a2200181ua 4500
041 ## - LANGUAGE CODE
Language code of text/sound track or separate title eng
082 ## - DEWEY DECIMAL CLASSIFICATION NUMBER
Classification number 028.7263135
Item number SAX/PR
100 ## - MAIN ENTRY--AUTHOR NAME
Personal name Saxena, A C .
245 00 - TITLE STATEMENT
Title Production development and manufacturing technology for P H T Machines /
250 ## - EDITION STATEMENT
Edition statement 1 /
260 ## - PUBLICATION, DISTRIBUTION, ETC. (IMPRINT)
Place of publication Bhopal :
Name of publisher Centre Institute of Agricultural Engineering.
300 ## - PHYSICAL DESCRIPTION
Number of Pages 491 ; .
700 1# - ADDED ENTRY--PERSONAL NAME
Personal name Das, P K .
700 1# - ADDED ENTRY--PERSONAL NAME
Personal name Saraswat, D .
942 ## - ADDED ENTRY ELEMENTS (KOHA)
Koha item type Books
Holdings
Withdrawn status Lost status Damaged status Home library Current library Date acquired Full call number Accession Number Koha item type
      KAUAET KAUAET 07/04/2012 028.7263135 19831 Reference
free website counter